000 01239ngm a22003850a 4500
001 PT39920
003 AR-LpoUNG
005 20210201235853.0
007 vd cvaizq
008 191001s2005||||ag |||||||||||||||||spa d
037 _c$5
040 _aAR-LpoUNG
_bspa
_cAR-LpoUNG
_eaacr
041 _aspa
044 _aag
082 0 _a928.63 414jua
100 1 _aDenti, Jorge
_edir.
245 1 0 _aJuan Gelman y otras cuestiones
260 _aBuenos Aires :
_bPágina 12,
_c2005.
300 _aDVD (88 min.) : son., col.
520 _aEn este documental, el poeta argentino Juan Gelman -ganador del Premio Cervantes en 2007- nos habla de su obra poética, al mismo tiempo que reconstruye su experiencia de los acontecimientos más relevantes de la historia Argentina de la segunda mitad del siglo XX..Acompañado de la música de un bandoneón, Juan Gelman lee algunos de sus poemas.
650 4 _aANALISIS HISTORICO
650 4 _aARGENTINA
650 4 _aBIOGRAFIAS
650 4 _aHISTORIA
650 4 _aLITERATURA
650 4 _aPOESIA
651 4 _aArgentina
653 _aCINE ARGENTINO
653 _aDOCUMENTAL
653 _aPOESIA
653 _aPOETAS
653 _aVIDEOS
905 _a39920
942 _cDVD
999 _c53644
_d53644